000
00292nam a22001337a 4500
008
170925b xxu||||| |||| 00| 0 eng d
020
_a
9781878380814
041
_a
eng
080
_a
37
100
_a
46
101
_a
EDU
245
_a
FACULTY WORKLOAD STUDIES
_c
MEYER,K.A
942
_2
udc
_c
BK
999
_c
29489
_d
29489